000 00374nam a2200133Ia 4500
008 231129s1977||||xx |||||||||||||| ||spa||
040 _bspa
082 _a[EN PROCESO DE DESCARTE] 182.092 G194f
100 _aGuthrie W.K.C.
245 0 _aLos filosofos griegos de Tales a Aristoteles
260 _c1977
264 _aMéxico: Fondo de Cultura Economica
942 _2ddc
_cBKS
999 _c19682
_d19682